000
00211nam a22000977a 4500
082
_a
398.2
_b
ARS
100
_a
Arshad,Dr.Tahira
245
_a
Aladdin and the magic lamp
563
_a
PB
942
_2
ddc
_c
BK
999
_c
614886
_d
614886